| 000 | 00467nam a2200145Ia 4500 | ||
|---|---|---|---|
| 041 | _aKurdish | ||
| 082 | _a320,158 cut-929 ق | ||
| 100 | _a20260118u\\\\\\\\\\\y0engy0103\\\\ba | ||
| 100 | _aد.کەریم شەریف قەرەچەتالى | ||
| 245 | 0 | _aئاستى لە چەمکى هاوڵاتیبوون هەرێمى کوردستان | |
| 250 | _aچ1 | ||
| 260 |
_bچاپخانە بینایى _aسلیمانى - العراق _c2013 |
||
| 300 | _a123 | ||
| 942 | _cBk | ||
| 999 |
_c189577 _d189577 |
||